| 000 | 00427nam a22001697a 4500 | ||
|---|---|---|---|
| 003 | OSt | ||
| 005 | 20211109091424.0 | ||
| 008 | 211109b |||||||| |||| 00| 0 eng d | ||
| 020 | _c8180693481 | ||
| 040 | _cHU | ||
| 082 | _a630.715 | ||
| 100 |
_aJALIHAL K.A _917379 |
||
| 245 | _aFUNDAMENTALS OF EXTENSION EDUCATION AND MANAGEMENT IN EXTENSION | ||
| 260 |
_aINDIA _bNEW DELHI _c2007 |
||
| 300 | _a312 | ||
| 942 |
_2ddc _cBOOKS _n0 |
||
| 999 |
_c17197 _d17197 |
||